Putting Social Development to Work for The Poor : An OED Review of World Bank Activities /
保存先:
| 団体著者: | |
|---|---|
| その他の著者: | |
| フォーマット: | 図書 |
| 言語: | 英語 |
| 出版事項: |
Washington, EUA :
Banco Mundial,
2005, c2005
Boulder, EUA : NetLibrary [distribución], 2005 |
| 主題: | |
| オンライン・アクセス: | Ver documento en línea |
| タグ: |
タグなし, このレコードへの初めてのタグを付けませんか!
|
MARC
| LEADER | 00000nam^a2200000^a^4500 | ||
|---|---|---|---|
| 001 | 000191984 | ||
| 005 | 20251023000000.0 | ||
| 009 | 20260310102546.825 | ||
| 020 | |a 0-8213-5887-1 | ||
| 020 | |a 0-8213-5886-3 | ||
| 037 | |a Acervo ITESO - Biblioteca | ||
| 041 | |a ING | ||
| 082 | |a 330. 9 |b PAR | ||
| 100 | |a Parker, Ronald |e (dir.) | ||
| 245 | 1 | 0 | |a Putting Social Development to Work for The Poor : |b An OED Review of World Bank Activities / |c Dir. de R. Parker ; pról. de Gregory K. Ingram. |
| 264 | 4 | |a Washington, EUA : |b Banco Mundial, |c 2005, c2005 | |
| 264 | 4 | |a Boulder, EUA : |b NetLibrary [distribución], |c 2005 | |
| 300 | |a 1 libro electrónico en línea (XXI, 106 p.) | ||
| 336 | |a datos para computadora |b cod |2 rdacontenido | ||
| 337 | |a computadora |b c |2 rdamedio | ||
| 338 | |a recurso en línea |b cr |2 rdasoporte | ||
| 506 | 1 | |a 3 licencias | |
| 649 | |a XX | ||
| 650 | |a Banco Mundial - |x Informes | ||
| 650 | |a Desarrollo Económico-Social | ||
| 650 | |a Igualdad y Desigualdad | ||
| 650 | |a Desarrollo Económico-Social - |x Aspectos Sociales y Culturales - |x Tema Principal | ||
| 650 | |a Macroeconomía | ||
| 650 | |a Economía Internacional | ||
| 710 | |a Banco Mundial. |b Departamento de Evaluación de Operaciones | ||
| 856 | 4 | 0 | |u https://ezproxy.iteso.mx/login?url=https://search.ebscohost.com/login.aspx?direct=true&scope=site&db=nlebk&db=nlabk&AN=131306 |y Ver documento en línea |
| 910 | |a Fondo General | ||
| 920 | |a Electrónicos - Libros en Línea | ||
| 930 | |a Plataforma Digital | ||
| 905 | |a 205 | ||
| 901 | |a 191984-1 |b IT2 |c EBO |i C152 |u 20250521 | ||
| 901 | |a 191984-2 |b IT2 |c EBO |i C152 |u 20250521 | ||
| 901 | |a 191984-3 |b IT2 |c EBO |i C152 |u 20250521 | ||
| 902 | |a https://opac.biblio.iteso.mx/vufind/Record/000191984 | ||